| LEADER | 00409cam a2200133 7i4500 | ||
|---|---|---|---|
| 001 | 0000029350 | ||
| 005 | 20130326090000.0 | ||
| 090 | 0 | 0 | |a T 382.7 |b TAR (TAIW) |
| 245 | 0 | 0 | |a Taiwan tariff schedule (update on October 3, 2012). |
| 260 | 0 | 0 | |a [S.l]: |b General of Customs, Republic of China, |c 2012. |
| 300 | # | # | |a 141 p. |
| 650 | 0 | 0 | |a Tariff -- |z Taiwan |
| 651 | 0 | 0 | |a Taiwan |
| 999 | |a 0000032271 |b Book |c Tariffs |e Business Information Centre | ||